000 00778nas a2200229 4500
001 BR0202543
003 BR-BrBNA
005 20231205103000.0
007 ta
008 230509b bl.|||p| |||| 00| 00por d
040 _aBR-BrBNA
_bpor
_cBiblioteca Nacional de Agricultura
041 _a(Pt)
072 _aE14
100 1 _aLopes, M. de R.
245 1 _aA simulação de diferentes políticas públicas pode ter resultados surpreendentes quando se trata da rentabilidade das cadeias agropecuárias
650 _aPOLÍTICA GOVERNAMENTAL
650 _aINDUSTRIA AGRÍCOLA
650 _aPOLÍTICA MONETÁRIA
773 0 _tAgroanalysis (Brazil)
_xISSN 0100-4298
_g(May 2000), v. 20(5) p. 53-54
_wBR0202543
909 _a202311
_bLúcia
_c55
_dLúcia Elande
942 _2AGRIS
_n0
_cANA
999 _c170398
_d170398